000 00485 a2200157 4500
005 20250620081428.0
020 _a978-0-273-71379-1
082 _a658.7BAI
100 _aPeater. B
245 _aProcurement Principles And Management
250 _a10th Ed
260 _aBritish,
_bBritish Library Cataloguing -In- Publication Data,
_c1968.
300 _axv,; 438p, ill, table,figure, picture
_bIndex,
_c24cm,
700 _aFarmer. D,; Crocker. B,; Jessop. D,; Jones. D
942 _2ddc
_cBKS
999 _c4476
_d4476